<?xml version="1.0" encoding="UTF-8"?>
<record
    xmlns:xsi="http://www.w3.org/2001/XMLSchema-instance"
    xsi:schemaLocation="http://www.loc.gov/MARC21/slim http://www.loc.gov/standards/marcxml/schema/MARC21slim.xsd"
    xmlns="http://www.loc.gov/MARC21/slim">

  <leader>02062nam a2200253   4500</leader>
  <controlfield tag="003">NALT</controlfield>
  <controlfield tag="005">20250302145433.0</controlfield>
  <controlfield tag="008">240717b        th ||||| |||| 00| 0 tha d</controlfield>
  <datafield tag="040" ind1=" " ind2=" ">
    <subfield code="a">NALT</subfield>
  </datafield>
  <datafield tag="050" ind1=" " ind2=" ">
    <subfield code="a">HD 53</subfield>
    <subfield code="b">&#xE1A;229&#xE19; 2559</subfield>
  </datafield>
  <datafield tag="110" ind1="2" ind2=" ">
    <subfield code="a">&#xE2A;&#xE33;&#xE19;&#xE31;&#xE01;&#xE07;&#xE32;&#xE19;&#xE1A;&#xE23;&#xE34;&#xE2B;&#xE32;&#xE23;&#xE41;&#xE25;&#xE30;&#xE1E;&#xE31;&#xE12;&#xE19;&#xE32;&#xE2D;&#xE07;&#xE04;&#xE4C;&#xE04;&#xE27;&#xE32;&#xE21;&#xE23;&#xE39;&#xE49; (&#xE2D;&#xE07;&#xE04;&#xE4C;&#xE01;&#xE32;&#xE23;&#xE21;&#xE2B;&#xE32;&#xE0A;&#xE19;)</subfield>
    <subfield code="9">2655</subfield>
  </datafield>
  <datafield tag="245" ind1="1" ind2="0">
    <subfield code="a">Now aging &#xE01;&#xE49;&#xE32;&#xE27;&#xE2A;&#xE39;&#xE48;&#xE2A;&#xE31;&#xE07;&#xE04;&#xE21;&#xE2A;&#xE39;&#xE07;&#xE27;&#xE31;&#xE22; &#xE44;&#xE2D;&#xE40;&#xE14;&#xE35;&#xE22;&#xE14;&#xE35; &#xE42;&#xE2D;&#xE01;&#xE32;&#xE2A;&#xE21;&#xE32; /</subfield>
    <subfield code="c">&#xE2A;&#xE33;&#xE19;&#xE31;&#xE01;&#xE07;&#xE32;&#xE19;&#xE1A;&#xE23;&#xE34;&#xE2B;&#xE32;&#xE23;&#xE41;&#xE25;&#xE30;&#xE1E;&#xE31;&#xE12;&#xE19;&#xE32;&#xE2D;&#xE07;&#xE04;&#xE4C;&#xE04;&#xE27;&#xE32;&#xE21;&#xE23;&#xE39;&#xE49; (&#xE2D;&#xE07;&#xE04;&#xE4C;&#xE01;&#xE32;&#xE23;&#xE21;&#xE2B;&#xE32;&#xE0A;&#xE19;).</subfield>
  </datafield>
  <datafield tag="250" ind1=" " ind2=" ">
    <subfield code="a">&#xE1E;&#xE34;&#xE21;&#xE1E;&#xE4C;&#xE04;&#xE23;&#xE31;&#xE49;&#xE07;&#xE17;&#xE35;&#xE48; 3.</subfield>
  </datafield>
  <datafield tag="260" ind1=" " ind2=" ">
    <subfield code="a">&#xE01;&#xE23;&#xE38;&#xE07;&#xE40;&#xE17;&#xE1E;&#xE2F; :</subfield>
    <subfield code="b">&#xE2A;&#xE33;&#xE19;&#xE31;&#xE01;&#xE07;&#xE32;&#xE19;&#xE1A;&#xE23;&#xE34;&#xE2B;&#xE32;&#xE23;&#xE41;&#xE25;&#xE30;&#xE1E;&#xE31;&#xE12;&#xE19;&#xE32;&#xE2D;&#xE07;&#xE04;&#xE4C;&#xE04;&#xE27;&#xE32;&#xE21;&#xE23;&#xE39;&#xE49; (&#xE2D;&#xE07;&#xE04;&#xE4C;&#xE01;&#xE32;&#xE23;&#xE21;&#xE2B;&#xE32;&#xE0A;&#xE19;),</subfield>
    <subfield code="c">2559.</subfield>
  </datafield>
  <datafield tag="300" ind1=" " ind2=" ">
    <subfield code="a">47 &#xE2B;&#xE19;&#xE49;&#xE32; :</subfield>
    <subfield code="b">&#xE20;&#xE32;&#xE1E;&#xE1B;&#xE23;&#xE30;&#xE01;&#xE2D;&#xE1A; ;</subfield>
    <subfield code="c">21 &#xE0B;&#xE21;.</subfield>
  </datafield>
  <datafield tag="505" ind1="0" ind2=" ">
    <subfield code="a">&#xE04;&#xE38;&#xE13;&#xE1E;&#xE23;&#xE49;&#xE2D;&#xE21;&#xE2B;&#xE23;&#xE37;&#xE2D;&#xE22;&#xE31;&#xE07;&#xE17;&#xE35;&#xE48;&#xE08;&#xE30;&#xE40;&#xE02;&#xE49;&#xE32;&#xE2A;&#xE39;&#xE48;&#xE2A;&#xE31;&#xE07;&#xE04;&#xE21;&#xE1C;&#xE39;&#xE49;&#xE2A;&#xE39;&#xE07;&#xE2D;&#xE32;&#xE22;&#xE38; -- &#xE2A;&#xE31;&#xE07;&#xE04;&#xE21;&#xE42;&#xE25;&#xE01; &#xE2A;&#xE31;&#xE07;&#xE04;&#xE21;&#xE44;&#xE17;&#xE22; &#xE2A;&#xE31;&#xE07;&#xE04;&#xE21;&#xE1C;&#xE39;&#xE49;&#xE2A;&#xE39;&#xE07;&#xE27;&#xE31;&#xE22; -- Population aging -- Aging society -- &#xE18;&#xE38;&#xE23;&#xE01;&#xE34;&#xE08;&#xE43;&#xE2B;&#xE21;&#xE48;&#xE43;&#xE19;&#xE40;&#xE28;&#xE23;&#xE29;&#xE10;&#xE01;&#xE34;&#xE08;&#xE1C;&#xE39;&#xE49;&#xE2A;&#xE39;&#xE07;&#xE2D;&#xE32;&#xE22;&#xE38; -- &#xE27;&#xE31;&#xE22;&#xE41;&#xE2B;&#xE48;&#xE07;&#xE42;&#xE2D;&#xE01;&#xE32;&#xE2A; : &#xE1B;&#xE49;&#xE32;&#xE41;&#xE1B;&#xE4B;&#xE27; &#xE01;&#xE32;&#xE0D;&#xE08;&#xE19;&#xE32; &#xE1E;&#xE31;&#xE19;&#xE18;&#xE38;&#xE40;&#xE15;&#xE0A;&#xE30; -- &#xE14;&#xE34;&#xE19;&#xE2A;&#xE2D;&#xE21;&#xE34;&#xE19;&#xE34; &#xE40;&#xE1E;&#xE37;&#xE48;&#xE2D;&#xE19;&#xE43;&#xE2B;&#xE21;&#xE48;&#xE02;&#xE2D;&#xE07;&#xE04;&#xE19;&#xE2A;&#xE39;&#xE07;&#xE27;&#xE31;&#xE22; : &#xE04;&#xE38;&#xE13;&#xE40;&#xE09;&#xE25;&#xE34;&#xE21;&#xE1E;&#xE25; &#xE1B;&#xE38;&#xE13;&#xE42;&#xE13;&#xE11;&#xE01;.</subfield>
  </datafield>
  <datafield tag="650" ind1=" " ind2="4">
    <subfield code="a">&#xE01;&#xE32;&#xE23;&#xE2A;&#xE23;&#xE49;&#xE32;&#xE07;&#xE2A;&#xE23;&#xE23;&#xE04;&#xE4C;&#xE17;&#xE32;&#xE07;&#xE18;&#xE38;&#xE23;&#xE01;&#xE34;&#xE08; </subfield>
    <subfield code="9">15793</subfield>
  </datafield>
  <datafield tag="650" ind1=" " ind2="4">
    <subfield code="a">&#xE04;&#xE27;&#xE32;&#xE21;&#xE2A;&#xE33;&#xE40;&#xE23;&#xE47;&#xE08;&#xE17;&#xE32;&#xE07;&#xE18;&#xE38;&#xE23;&#xE01;&#xE34;&#xE08;</subfield>
    <subfield code="9">6209</subfield>
  </datafield>
  <datafield tag="650" ind1=" " ind2="4">
    <subfield code="a">&#xE1C;&#xE39;&#xE49;&#xE2A;&#xE39;&#xE07;&#xE2D;&#xE32;&#xE22;&#xE38;  </subfield>
    <subfield code="x">&#xE01;&#xE32;&#xE23;&#xE14;&#xE33;&#xE40;&#xE19;&#xE34;&#xE19;&#xE0A;&#xE35;&#xE27;&#xE34;&#xE15;</subfield>
    <subfield code="9">42525</subfield>
  </datafield>
  <datafield tag="650" ind1=" " ind2="4">
    <subfield code="a">&#xE1C;&#xE39;&#xE49;&#xE2A;&#xE39;&#xE07;&#xE2D;&#xE32;&#xE22;&#xE38;</subfield>
    <subfield code="x">&#xE41;&#xE07;&#xE48;&#xE40;&#xE28;&#xE23;&#xE29;&#xE10;&#xE01;&#xE34;&#xE08;</subfield>
    <subfield code="9">42504</subfield>
  </datafield>
  <datafield tag="850" ind1=" " ind2=" ">
    <subfield code="a">NALT</subfield>
  </datafield>
  <datafield tag="942" ind1=" " ind2=" ">
    <subfield code="2">lcc</subfield>
    <subfield code="c">GB</subfield>
  </datafield>
  <datafield tag="996" ind1=" " ind2=" ">
    <subfield code="a">kornsiririn.r</subfield>
    <subfield code="b">CATSTF	</subfield>
    <subfield code="c">2024-07-17</subfield>
  </datafield>
  <datafield tag="999" ind1=" " ind2=" ">
    <subfield code="c">105536</subfield>
    <subfield code="d">105536</subfield>
  </datafield>
  <datafield tag="998" ind1=" " ind2=" ">
    <subfield code="j">3099</subfield>
    <subfield code="k"> &#xE1E;&#xE23;&#xE27;&#xE34;&#xE17;&#xE39;  &#xE42;&#xE04;&#xE49;&#xE27;&#xE04;&#xE0A;&#xE32;&#xE20;&#xE23;&#xE13;&#xE4C;</subfield>
  </datafield>
  <datafield tag="952" ind1=" " ind2=" ">
    <subfield code="0">0</subfield>
    <subfield code="1">0</subfield>
    <subfield code="2">lcc</subfield>
    <subfield code="4">0</subfield>
    <subfield code="7">0</subfield>
    <subfield code="8">CSEN</subfield>
    <subfield code="a">NALT</subfield>
    <subfield code="b">NALT</subfield>
    <subfield code="c">GEN</subfield>
    <subfield code="d">2024-07-17</subfield>
    <subfield code="l">0</subfield>
    <subfield code="o">HD 53 &#xE1A;229&#xE19; 2559</subfield>
    <subfield code="p">0100011385001</subfield>
    <subfield code="r">2024-07-17 00:00:00</subfield>
    <subfield code="w">2024-07-17</subfield>
    <subfield code="y">GB</subfield>
  </datafield>
</record>
